Hành chính nhà nước : Giáo trình Cao đẳng Sư phạm

Hành chánh nhà nước là một lĩnh vực hoạt động rất rộng và phức tạp, gắn liền với quyền hành pháp - quyền thi hành pháp luật, nhằm đảm bảo cho pháp luật của nhà nước và kỷ cương của xã hội được tôn trọng, những quyền cơ bản của co...

全面介紹

Đã lưu trong:
書目詳細資料
主要作者: Phạm, Văn Hùng
格式: 圖書
語言:Undetermined
出版: Hà Nội Đại học Sư phạm Hà Nội 2006
主題:
標簽: 添加標簽
沒有標簽, 成為第一個標記此記錄!
Thư viện lưu trữ: Trung tâm Học liệu Trường Đại học Cần Thơ
LEADER 01278nam a2200229Ia 4500
001 CTU_120350
008 210402s9999 xx 000 0 und d
020 |c 12000 
082 |a 351.597 
082 |b H513 
100 |a Phạm, Văn Hùng 
245 0 |a Hành chính nhà nước : 
245 0 |b Giáo trình Cao đẳng Sư phạm 
245 0 |c Phạm Văn Hùng (chủ biên), Nguyễn Hữu Khiển 
260 |a Hà Nội 
260 |b Đại học Sư phạm Hà Nội 
260 |c 2006 
520 |a Hành chánh nhà nước là một lĩnh vực hoạt động rất rộng và phức tạp, gắn liền với quyền hành pháp - quyền thi hành pháp luật, nhằm đảm bảo cho pháp luật của nhà nước và kỷ cương của xã hội được tôn trọng, những quyền cơ bản của công dân được thực hiện. Hành chánh nhà nước có tác động rất lớn đến sự ổn định chính trị và phát triển kinh tế xã hội của quốc gia. 
650 |a Administrative law 
650 |z Vietnam 
904 |i Hiếu 
980 |a Trung tâm Học liệu Trường Đại học Cần Thơ